00866nam a2200229Ia 4500003000900000008004100009020001800050040001600068080002100084100002700105245015900132260004800291300001300339650004100352650002400393650003000417650002400447650001800471942000700489999001500496952012500511IN-BaIIA211028s9999 xx 000 0 eng d a0-521-24601-6 cIIA Library a533:523.6bALP-2 aAlpert , Ya. L.913228 4aThe near-Earth and interplanetary plasmabvol. 2, plasma flow, plasma waves and oscillationscYa. L. Alpert  aCambridgebCambridge University Pressc1983 ax, 259p. aAstronomy and astrophysics thesaurus aIonized gases91896 aPlasma astrophysics93786 aPlasma flows913229 aPlasmas91898 cBK c7843d7843 00104070aBANbBANcGENd1984-02-23g489.00l0o533:523.6/ ALP-2p8662r2021-11-05v489.00w1984-02-23yBKGRs. 489.00